| 000 | 00447nam a22001577a 4500 | ||
|---|---|---|---|
| 005 | 20251108164019.0 | ||
| 008 | 250721s9999 xx 000 0 ara d | ||
| 082 | 1 | 4 | _a137/مخت |
| 100 | 1 | _aسالم، مختار | |
| 245 | 1 | 0 | _aإعرف شخصيتك من تكوين جسمك / |
| 264 | 1 |
_aالقاهرة : _bالمركز العربي الحديث، _c[19-]. |
|
| 300 | _a151ص | ||
| 650 | 1 | 7 | _aالشخصية |
| 942 |
_2ddc _cBK |
||
| 999 |
_c1431 _d1431 |
||